ბათუმის შოთა რუსთაველის სახელმწიფო უნივერსიტეტის ბიბლიოთეკა

Alter Ego. Methode de Frangais. B2. 4 (ბიბ.ჩანაწერი № 45718)

000 -LEADER
fixed length control field 00577nam a2200241Ia 4500
001 - CONTROL NUMBER
control field 12545
003 - CONTROL NUMBER IDENTIFIER
control field GE_BSU
008 - FIXED-LENGTH DATA ELEMENTS--GENERAL INFORMATION
fixed length control field 181216s||||||||xx |||||||||||||| ||und||
020 ## - INTERNATIONAL STANDARD BOOK NUMBER
International Standard Book Number 9782011555168
040 ## - CATALOGING SOURCE
Transcribing agency GE_BSU
080 ## - UNIVERSAL DECIMAL CLASSIFICATION NUMBER
Universal Decimal Classification number 811.133.1
100 ## - MAIN ENTRY--PERSONAL NAME
Personal name Dollez,Catherine, Pons,Sylvie
245 ## - TITLE STATEMENT
Title Alter Ego. Methode de Frangais. B2. 4
260 ## - PUBLICATION, DISTRIBUTION, ETC.
Place of publication, distribution, etc. Paris
260 ## - PUBLICATION, DISTRIBUTION, ETC.
Name of publisher, distributor, etc. Hachette
260 ## - PUBLICATION, DISTRIBUTION, ETC.
Date of publication, distribution, etc. 2007
300 ## - PHYSICAL DESCRIPTION
Extent 192p.29cm.ill.
300 ## - PHYSICAL DESCRIPTION
Accompanying material CD
653 ## - INDEX TERM--UNCONTROLLED
Uncontrolled term Alter Ego. Methode de Frangais
653 ## - INDEX TERM--UNCONTROLLED
Uncontrolled term გრამატიკა
942 ## - ADDED ENTRY ELEMENTS (KOHA)
Koha item type წიგნი
ეგზემპლარები
Withdrawn status Lost status Damaged status Not for loan Date acquired Barcode Date last seen Price effective from Koha item type
        2018-12-17 36286 2018-12-17 2018-12-17 წიგნი
        2018-12-17 36287 2018-12-17 2018-12-17 წიგნი
        2018-12-17 36288 2018-12-17 2018-12-17 წიგნი
        2018-12-17 36289 2018-12-17 2018-12-17 წიგნი
        2018-12-17 36290 2018-12-17 2018-12-17 წიგნი
        2018-12-17 36291 2018-12-17 2018-12-17 წიგნი
        2018-12-17 36292 2018-12-17 2018-12-17 წიგნი
        2018-12-17 36293 2018-12-17 2018-12-17 წიგნი
        2018-12-17 36294 2018-12-17 2018-12-17 წიგნი
        2018-12-17 36295 2018-12-17 2018-12-17 წიგნი